| 000 | 00353 a2200097 4500 | ||
|---|---|---|---|
| 245 | 0 | 0 |
_aKondensatory stałe stosowane w urządzeniach elektronicznych - Norma wspólna Metody badań PN-92/T-04602 / _cMP i Handlu. |
| 246 | 1 | 3 | _aPN-92/T-04602 |
| 246 | 1 | 3 | _a621.319.43.001.4:621.38.04 |
| 260 |
_aWarszawa : _bMP i Handlu, _c1992. |
||
| 300 |
_a29 stron ; _c30 cm. |
||
| 650 | _aPolska norma | ||
| 999 |
_c20246 _d20246 |
||